| 000 | 00972cam a22003017a 4500 | ||
|---|---|---|---|
| 003 | CHAP | ||
| 005 | 20220329135838.0 | ||
| 008 | 971013s1936 r 00010 d | ||
| 010 | _a43179 | ||
| 011 | _a44151 | ||
| 035 | _a48289 | ||
| 040 | _cCHAP | ||
| 090 | _aFolleto 536 | ||
| 110 |
_aMéxico. Secretaría de Relaciones Exteriores _977225 |
||
| 245 | 1 | 3 | _aEl gobierno de México ante los problemas sociales y económicos |
| 260 |
_aMéxico, D.F. : _bLa Secretaría, _c1936 |
||
| 300 | _a46 p | ||
| 590 |
_aBATCH-UPD _b10 _c20130110 _lUCH01 _h1808 |
||
| 590 |
_aBATCH-UPD _b10 _c20130410 _lUCH01 _h1143 |
||
| 590 |
_aBATCH-UPD _b10 _c20130914 _lUCH01 _h1825 |
||
| 590 |
_aBATCH-UPD _b10 _c20161124 _lUCH01 _h1710 |
||
| 590 |
_aCONVERSION _b10 _c20130109 _lUCH01 _h1324 |
||
| 650 | 1 | 4 |
_aMéxico _xRelaciones exteriores. _976785 |
| 651 | 4 |
_aMéxico _xPolítica y gobierno. _976783 |
|
| 901 | _aBK | ||
| 942 | _cFOLL | ||
| 949 |
_aFolleto 536 _bBC _cFOLL _d-109496 _eTS1 _i48289 _si |
||
| 999 |
_c43179 _d43179 |
||